Clubs français de rugby - Statistiques

Statistiques générales
  • Ce quiz a été pris 70 fois
  • Le résultat moyen est 7 sur 30
Statistiques - réponses
Hint Réponse % Correct
Top 14 Stade Toulousain
93%
Top 14 Union Bordeaux-Bègles
61%
Top 14 Racing 92
55%
Top 14 Aviron Bayonnais
43%
Top 14 Stade Rochelais
43%
Top 14 RC Toulon
38%
Top 14 Section Paloise
38%
Top 14 Stade Français Paris
32%
Top 14 Montpellier Hérault Rugby
30%
Top 14 Castres Olympique
29%
Top 14 ASM Clermont
27%
Top 14 LOU Rugby
23%
Top 14 US Montauban
23%
Pro D2 RC Vannes
21%
Top 14 USA Perpignan
21%
Pro D2 CA Brive
20%
Pro D2 Provence Rugby
20%
Pro D2 US Dax
16%
Pro D2 AS Béziers Hérault
11%
Pro D2 Oyonnax Rugby
11%
Pro D2 FC Grenoble Rugby
7%
Pro D2 Stade Aurillacois
7%
Pro D2 Stade Montois Rugby
7%
Pro D2 SU Agen
7%
Pro D2 Valence Romans
7%
Pro D2 Colomiers Rugby
5%
Pro D2 Soyaux-Angoulême XV
5%
Pro D2 USON Nevers
4%
Pro D2 Biarritz Olympique PB
0%
Pro D2 US Carcassonnaise
0%
Aucun quiz correspondant
Distribution des résultats
% des personnes avec chaque résultat
Percentile par nombre de réponses
Votre historique - résultats
Vous n’avez pas pris ce quiz